| 000 | 00835nam a2200241Ia 4500 | ||
|---|---|---|---|
| 003 | OSt | ||
| 005 | 20221005112439.0 | ||
| 006 | a|||||r|||| 00| 0 | ||
| 007 | ta | ||
| 008 | 221004b |||||||| |||| 00| 0 pan d | ||
| 020 |
_a9789350687352 (hbk) _c125 |
||
| 024 | _a15054 | ||
| 037 |
_b879, 18/08/2014, H.K. Prakashan _cTextual |
||
| 040 |
_aCRL _cCRL _bpan |
||
| 041 |
_2pan _apan |
||
| 082 | _aDelta, 153Q4 | ||
| 100 | _aਹੋਠੀ, ਸੁਖਦੇਵ ਸਿੰਘ | ||
| 245 | 0 | _aਓਥੈ ਸਚੈ ਹੀ ਸਚਿ ਨਿਬੜੈ | |
| 260 |
_aਚੰਡੀਗੜ _bਲੋਕਗੀਤ ਪ੍ਰਕਾFਨ ਭਾਰਤ _c2014 |
||
| 300 |
_a80ਪੰ _ccm. |
||
| 942 |
_hDelta, 153Q4 _cTEXL _2cc |
||
| 999 |
_c1024926 _d1024926 |
||